000 00478nam a22001457a 4500
005 20260315123229.0
008 260315b |||||||| |||| 00| 0 eng d
020 _a9780444825476
_qHBK
041 _aENG
082 _a639.37732
_bHAR
100 _aR.M. Harrell
245 _aStriped Bass and Other Morone Culture (Developments in Aquaculture and Fisheries Science Book 30) Striped Bass and Other Morone Culture
260 _aNETHERLAND
_bElsevier Science
_c1997
942 _cREF
999 _c617747
_d617747